| 000 | 00367cam a2200145ua 4500 | ||
|---|---|---|---|
| 041 |
_aeng _h |
||
| 082 |
_a822 _bWIL/FO |
||
| 100 | _aWilliam, Tennesee . | ||
| 245 |
_aFour plays of Tennesee Williams / _cTennesee William. _hTextual Documents |
||
| 260 |
_aLondon : _bSecker & Warburg , _c1957. |
||
| 300 | _a320 ; . | ||
| 504 | _a | ||
| 942 | _cBK | ||
| 999 |
_c678 _d678 |
||